LDR 01142naa#a2200205#i#450# 001 RU\\bibl\123253 005 20260605183755.5 011 ## _a2782-5957 100 ## _a20260529b2026####ek#y0rusy0150####ca 102 ## _aRU 200 1# _aМОДЕЛИРОВАНИЕ РАБОЧИХ ПРОЦЕССОВ ДИЗЕЛЬНОГО ДВИГАТЕЛЯ С ПОМОЩЬЮ СОВРЕМЕННЫХ ПРОГРАММНЫХ КОМПЛЕКСОВ _eЖурнальная статья 210 1# _aБрянск _cБрянский государственный технический университет _d2026 215 ## _a7 с. 608 ## _aЖурнальная статья _2local 675 ## _aИнструментальные средства разработки программного обеспечения. 004.4'2 _aДвигатели внутреннего сгорания. 621.43 _z 686 ## _aАвтодорожный транспорт. 393 _2bbk 700 #1 _aОбозов _gАлександр Алексеевич 700 #1 _aФеськов _gДмитрий Владимирович 700 #1 _aТитенок _gДмитрий Олегович 856 4# _anaukaru.ru _u